Thérèse en quête d'un frère (notice n° 1668760)

détails MARC
000 -LEADER
fixed length control field 02225cam a2200169 4500500
005 - DATE AND TIME OF LATEST TRANSACTION
control field 20260222004730.0
041 ## - LANGUAGE CODE
Language code of text/sound track or separate title fre
042 ## - AUTHENTICATION CODE
Authentication code dc
100 10 - MAIN ENTRY--PERSONAL NAME
Personal name Langlois, Claude
Relator term author
245 00 - TITLE STATEMENT
Title Thérèse en quête d'un frère
260 ## - PUBLICATION, DISTRIBUTION, ETC.
Date of publication, distribution, etc. 2010.<br/>
500 ## - GENERAL NOTE
General note 38
520 ## - SUMMARY, ETC.
Summary, etc. RésuméClaude Langlois jette un regard critique sur le rapport de Thérèse aux missions, en mettant en cause la figure construite à partir de 1927 et en revenant au déroulement de l’histoire d’une moniale qui montre un intérêt tardif pour les missions, lié à sa rencontre en 1896 avec le Père Roulland, envoyé en Chine, et qui révèle l’ambivalence de son attitude quand on envisage son départ ou celui des siens pour une fondation lointaine. Toutefois, c’est la relecture de ses écrits, dans une perspective tant anthropologique (le rapport de Thérèse à ses frères) que théologique (ses deux grands manuscrits A et C) qui permet de mieux comprendre les intuitions d’une pensée innovante, tout en montrant la place qu’elle accorde au désir du martyre, inscrit au cœur de son écrit le plus poétique (le manuscrit B).
520 ## - SUMMARY, ETC.
Summary, etc. Theresa of Lisieux: The Carmelite and the missionsClaude Langlois gives a critical look at the portrait of Teresa and the missions, examining carefully the picture that grew up from 1927, telling the story of a nun who showed a late interest in the missions, linked to her meeting in 1896 with Fr. Roulland who was sent to China, which reveals the ambivalence of her attitude when imagining the departure of himself or his colleagues for a far off foundation. However, it is by looking again at her writings from both an anthropological (the relations of Teresa with her brothers) and a theological standpoint (her two large manuscripts A and C) that we can more easily appreciate the intuitions of an innovative thought, while showing the place that she gives to a desire for martyrdom, which is at the heart of her most poetic writing (manuscript B).
786 0# - DATA SOURCE ENTRY
Note Histoire et missions chrétiennes | 15 | 3 | 2010-09-01 | p. 57-59 | 1957-5246
856 41 - ELECTRONIC LOCATION AND ACCESS
Uniform Resource Identifier <a href="https://shs.cairn.info/revue-histoire-monde-et-cultures-religieuses1-2010-3-page-57?lang=fr&redirect-ssocas=7080">https://shs.cairn.info/revue-histoire-monde-et-cultures-religieuses1-2010-3-page-57?lang=fr&redirect-ssocas=7080</a>

Pas d'exemplaire disponible.

PLUDOC

PLUDOC est la plateforme unique et centralisée de gestion des bibliothèques physiques et numériques de Guinée administré par le CEDUST. Elle est la plus grande base de données de ressources documentaires pour les Étudiants, Enseignants chercheurs et Chercheurs de Guinée.

Adresse

627 919 101/664 919 101

25 boulevard du commerce
Kaloum, Conakry, Guinée

Réseaux sociaux

Powered by Netsen Group @ 2025